History Quiz

Random History or Artist Quiz

'S' Artist Picture Quiz Stats

 Plays Quiz not verified by Sporcle

Score 0/6 Timer 02:30
0 Plays Today
% Correct
Georges Seurat Bathers at Asnières
91.1%
Gilbert Stuart
George Washington
82.2%
Egon Schiele
The Artist Wife
75.3%
Alfred Sisley
Moret Sur Loing
67.1%
Chaim Soutine
Pastry Cook
with Red Handkerchief
63%
John Singer Sargent
Cashmere
51.4%

You're not logged in!

Compare scores with friends on all Sporcle quizzes.
OR
Log In

Show Comments

Extras

Top Quizzes Today


Score Distribution

Your Account Isn't Verified!

In order to create a playlist on Sporcle, you need to verify the email address you used during registration. Go to your Sporcle Settings to finish the process.

Report this User

Report this user for behavior that violates our Community Guidelines.

Details: